000 00701nam a2200289Ia 4500
005 20260324123131.0
008 008 260324s9999 xx 000 0 eng d
020 _a9780429066818
037 _aEBOOK
040 _aCRL
040 _beng
040 _cCRL
041 _2eng
041 _aeng
084 _qCRL
100 _aDavid Brennan
_91169149
245 0 _aSustainable Process Engineering
245 0 _bConcepts, Strategies, Evaluation and Implementation
260 _bTaylor and Francis
260 _c2012
365 _a
365 _b135
856 _uhttp://www.taylorfrancis.com/books/9780429066818
942 _cEBOOK
999 _c1762408
_d1762408